Estatísticas para Quiz do Mapa da América Central e Caribe

Clique aqui para jogar o quiz

Estatísticas Gerais

  • Esse quiz foi jogado 7 811 vezes
  • A pontuação média é 10 de 14

Respostas no mapa

Respostas codificadas por cores de uma escala verde-vermelha no mapa do quiz de acordo com a % correta abaixo.
Carregando ...
 

Estatísticas das Respostas

Resposta% Correto
Panamá
87%
Cuba
79%
Haiti
70%
Trinidad e Tobago
70%
República Dominicana
69%
Bahamas
69%
Guatemala
68%
Jamaica
68%
Belize
67%
El Salvador
66%
Costa Rica
64%
Honduras
62%
Nicarágua
60%
Porto Rico (EUA)
60%

Distribuição das Pontuações

Percentil de Números Respondidos

Porcentagem de Pessoas com Cada Pontuação

Sua Pontuação Histórica

Você não jogou esse quiz